The memoirs of Field-Marshal the Viscount Montgomery of Alamein.

محفوظ في:

المؤلف الرئيسي: Montgomery of Alamein, Bernard Law Montgomery, Viscount, 1887-1976 (مؤلف)

التنسيق: كتاب

اللغة: English

منشور في: Cleveland : World Pub. Co., [1958].

الطبعة: [1st ed.]

الموضوعات:

الوسوم: إضافة وسم

لا توجد وسوم, كن أول من يضع وسما على هذه التسجيلة!

رقم الطلب: DA69.3 .M56 A3 1958

LEADER 00938nam a22002651 4500
001 6727
003 OSt
005 20251208113211.0
008 130303s1958 ohuaceh 000 0aeng d
010 |a 58009414 
040 |c ARCE Library 
050 4 |a DA69.3 .M56 A3 1958 
100 1 |a Montgomery of Alamein, Bernard Law Montgomery,  |c Viscount,  |d 1887-1976,  |e author 
245 1 4 |a The memoirs of Field-Marshal the Viscount Montgomery of Alamein. 
250 |a [1st ed.] 
264 1 |a Cleveland :  |b World Pub. Co.,  |c [1958]. 
300 |a 508 pages :  |b illustrations, facsims, plans, portraits ;  |c 25 cm. 
600 1 0 |a Montgomery of Alamein, Bernard Law Montgomery,  |c Viscount,  |d 1887-1976. 
610 1 0 |a Grande-Bretagne.  |b Army  |v Biographies.  |9 22230 
610 1 0 |a Great Britain.  |b Army  |v Biography. 
650 0 |a World War, 1939-1945  |x Campaigns. 
650 0 |a Marshals  |z Great Britain  |v Biography. 
901 |a reviewed 
942 |c BK  |2 lcc 
999 |c 8123  |d 8123